[Event "San Sebastian op 30th"]
[Site "San Sebastian"]
[Date "2007.04.06"]
[Round "7"]
[White "Varas, Carlos"]
[Black "Sebenik, Matej"]
[Result "1/2-1/2"]
[WhiteElo "2239"]
[BlackElo "2483"]
[PlyCount "71"]
[EventDate "2007.04.01"]
[EventType "swiss"]
[EventRounds "9"]
[EventCountry "ESP"]
[SourceTitle "CBM 117 Extra"]
[Source "ChessBase"]
[SourceDate "2007.05.09"]
[SourceVersion "1"]
[SourceVersionDate "2007.05.09"]
[SourceQuality "1"]

1. e4 g6 2. d4 Bg7 3. Nf3 c5 4. Nc3 cxd4 5. Nxd4 Nc6 6. Be3 Nf6 7. Be2 0-0 8. Nb3 a5 9. a4 d5 10. exd5 Nb4 11. Bf3 e6 12. 0-0 exd5 13. Nd4 b6 14. Qd2 Bg4 15. Bg5 Bxf3 16. Nxf3 Rc8 17. Rad1 Qc7 18. Bf4 Qc4 19. Ne5 Qa6 20. Nd3 Nxd3 21. cxd3 Qb7 22. Bh6 d4 23. Nb5 Qd5 24. Bxg7 Kxg7 25. b4 axb4 26. Qxb4 Rfd8 27. Rb1 Rc5 28. Na3 Rc3 29. Nc4 Rxd3 30. Nxb6 Qa5 31. Qb5 Qxb5 32. axb5 Rb8 33. Nc4 Nd5 34. Ne5 Rd2 35. Nf3 Rd3 36. Ne5 1/2-1/2

[Event "Erandio op 15th"]
[Site "Erandio"]
[Date "2006.12.21"]
[Round "6"]
[White "Mirzoev, Azer"]
[Black "Varas, Carlos"]
[Result "1-0"]
[WhiteElo "2543"]
[BlackElo "2290"]
[PlyCount "81"]
[EventDate "2006.12.16"]
[EventType "swiss"]
[EventRounds "9"]
[EventCountry "ESP"]
[SourceTitle "EXT 2018"]
[Source "ChessBase"]
[SourceDate "2017.10.13"]
[SourceVersion "1"]
[SourceVersionDate "2017.10.13"]
[SourceQuality "1"]

1. d4 Nf6 2. Nf3 e6 3. c4 Bb4+ 4. Nbd2 d6 5. g3 0-0 6. Bg2 Qe7 7. 0-0 Bxd2 8. Qxd2 e5 9. b3 Re8 10. dxe5 dxe5 11. Bb2 Nc6 12. Qe3 h6 13. Rfd1 a5 14. a3 Bf5 15. Nh4 Bh7 16. h3 Nd4 17. Bxd4 exd4 18. Qxe7 Rxe7 19. Rxd4 g5 20. Nf3 Rxe2 21. h4 Rb2 22. hxg5 hxg5 23. Nxg5 Rxb3 24. Nxh7 Kxh7 25. Re1 Rxa3 26. Re7 Ra1+ 27. Kh2 a4 28. Bxb7 Ra7 29. Rf4 Kg7 30. Bd5 Ra6 31. Bxf7 Kf8 32. Rxc7 a3 33. c5 Rc1 34. Kg2 Rc2 35. Bb3 Rc3 36. Rf7+ Ke8 37. R7xf6 Rxf6 38. Rxf6 Rxb3 39. Ra6 Rc3 40. c6 Kd8 41. Ra7 1-0